Siedlung der Urzeit und der Sarmatenzeit in der Umgebung von Hódmezővásárhely. (Tafeln IV-VIII. und 2 Bilder)

Elmentve itt :
Bibliográfiai részletek
Szerző: Dr. Párducz Mihály
Dokumentumtípus: Cikk
Megjelent: 1942
Sorozat:Dolgozatok a Magyar Királyi Ferencz József Tudományegyetem Archaeologiai Intézetéből 18
Kulcsszavak:telep, őskor, szarmatakor
Online Access:http://acta.bibl.u-szeged.hu/447
LEADER 00728nab a2200169 i 4500
001 acta447
005 20210616145159.0
008 161015s1942 hu o 0|| ger d
040 |a SZTE Egyetemi Kiadványok Repozitórium  |b hun 
041 |a ger 
100 2 |a Dr. Párducz Mihály 
245 1 0 |a Siedlung der Urzeit und der Sarmatenzeit in der Umgebung von Hódmezővásárhely. (Tafeln IV-VIII. und 2 Bilder)  |h [elektronikus dokumentum] /  |c  Dr. Párducz Mihály 
260 |c 1942 
300 |a 121-122 
490 0 |a Dolgozatok a Magyar Királyi Ferencz József Tudományegyetem Archaeologiai Intézetéből  |v 18 
695 |a telep, őskor, szarmatakor 
856 4 0 |u http://acta.bibl.u-szeged.hu/447/1/dolgozatok_1942_113-127.pdf  |z Dokumentum-elérés